The university german-english english-german dictionary
Guardado en:
| Formato: | Libro |
|---|---|
| Lenguaje: | alemán inglés |
| Publicado: |
Londres
University Books
1981
|
| Materias: | |
| Etiquetas: |
Agregar Etiqueta
Sin Etiquetas, Sea el primero en etiquetar este registro!
|
MARC
| LEADER | 00000nam a2200000 a 4500 | ||
|---|---|---|---|
| 001 | UCI1908 | ||
| 003 | CL-VaPUC | ||
| 008 | 070727e19810000UK |||||||||||||||||ger|d | ||
| 020 | |a 0905694864 | ||
| 041 | 0 | 7 | |a ger |2 CL-VaPUC |
| 041 | 0 | 7 | |a eng |2 CL-VaPUC |
| 082 | 0 | 4 | |a 433.21 |b THE |2 21 |
| 245 | 1 | 4 | |a The university german-english english-german dictionary |
| 300 | |a 255 p | ||
| 942 | |c BK | ||
| 945 | |d 20070727 00:00:00 |a rbrito | ||
| 260 | |a Londres |b University Books |c 1981 | ||
| 650 | 0 | |a Alemán-Inglés |v Diccionarios |9 522723 | |
| 650 | 7 | |a INGLES-ALEMAN-DICCIONARIOS |2 CL-VaPUC |9 522724 | |
| 583 | |a last modification |c 20070727 00:00:00 |k Rodrigo Vera | ||
| 999 | |c 326601 |d 326599 | ||
| 952 | |0 0 |1 0 |4 0 |6 433_210000000000000_THE_1981 |7 0 |8 F |9 408622 |a BIBGIM |b BIBGIM |d 2019-11-22 |i 4360257 |o 433.21 THE 1981 |p 4360257 |r 2025-01-15 |w 2019-11-22 |y BK_F |k GIM | ||